000 00404pab a2200145 454500
008 180718b1989 xxu||||| |||| 00| 0 eng d
100 _aWelch, Richard V.
245 _aLocal government commissions and local government reform
_bThe failures and now success
260 _c1989
300 _a3-6
362 _aMar.
650 _aLocal Government - NewZealand
773 _aPublic Sector
909 _a12765
999 _c12765
_d12765